书目信息 |
| 题名: |
摄影测量学
|
|
| 作者: | 张保明 , 龚志辉 , 郭海涛 编著 | |
| 分册: | ||
| 出版信息: | 北京 测绘出版社 2008.08 |
|
| 页数: | 151页 | |
| 开本: | 26cm | |
| 丛书名: | 普通高等教育“十一五”国家级规划教材 | |
| 单 册: | ||
| 中图分类: | P23 | |
| 科图分类: | ||
| 主题词: | 摄影测量法--she ying ce liang fa--高等教育--教材 | |
| 电子资源: | ||
| ISBN: | 978-7-5030-1860-2 | |
| 000 | 01246nam 2200301 450 | |
| 001 | 96557 | |
| 005 | 20250912202744.47 | |
| 010 | @a978-7-5030-1860-2@dCNY22.00@z7-5030-1860-7 | |
| 100 | @a20081208d2008 em y0chiy50 ea | |
| 101 | 0 | @achi |
| 102 | @aCN@b110000 | |
| 105 | @aak a 000yy | |
| 106 | @ar | |
| 200 | 1 | @a摄影测量学@Ashe ying ce liang xue@d= Photogrammetry@f张保明, 龚志辉, 郭海涛编著@zeng |
| 210 | @a北京@c测绘出版社@d2008.08 | |
| 215 | @a151页@c图@d26cm | |
| 225 | 2 | @a普通高等教育“十一五”国家级规划教材@Apu tong gao deng jiao yu“ shi yi wu” guo jia ji gui hua jiao cai |
| 320 | @a有书目 | |
| 330 | @a本书主要是根据“摄影测量学教学大纲”和“摄影测量学课程标准”编写的, 为了兼顾各专业人员不同的学习需求, 对其中部分内容进行了适当扩充。本书内容包括航空摄影、单张像片的解析基础、立体像对的基础知识、摄影测量作业理论、立体测图仪、数字摄影测量等。 | |
| 410 | 0 | @12001 @a普通高等教育“十一五”国家级规划教材 |
| 510 | 1 | @aPhotogrammetry@zeng |
| 606 | 0 | @a摄影测量法@Ashe ying ce liang fa@x高等教育@j教材 |
| 690 | @aP23@v4 | |
| 701 | 0 | @a张保明@Azhang bao ming@4编著 |
| 701 | 0 | @a龚志辉@Agong zhi hui@4编著 |
| 701 | 0 | @a郭海涛@Aguo hai tao@4编著 |
| 801 | 0 | @aCN@c20250909 |
| 905 | @a河南城建学院图书馆@dP23@eZ074 | |
| 摄影测量学= Photogrammetry/张保明, 龚志辉, 郭海涛编著.-北京:测绘出版社,2008.08 |
| 151页:图;26cm.-(普通高等教育“十一五”国家级规划教材) |
| ISBN 978-7-5030-1860-2:CNY22.00 |
| 本书主要是根据“摄影测量学教学大纲”和“摄影测量学课程标准”编写的, 为了兼顾各专业人员不同的学习需求, 对其中部分内容进行了适当扩充。本书内容包括航空摄影、单张像片的解析基础、立体像对的基础知识、摄影测量作业理论、立体测图仪、数字摄影测量等。 |
| ● |
| 相关链接 |
|
|
|
正题名:摄影测量学
索取号:P23/Z074
 
预约/预借
| 序号 | 登录号 | 条形码 | 馆藏地/架位号 | 状态 | 备注 |
| 1 | 1638070 | 216380707 | 自科库401/401自科库 123排2列2层/ [索取号:P23/Z074] | 在馆 |